000 00991nam a22003257a 4500
001 9814
003 FISKH
005 20260226151720.0
008 260226b cb ||||| |||| 00| 0 eng d
020 _a9780516244518
040 _aFISKH
_beng
_cFISKH
_dFISKH
050 _aTX795 .S58
082 _a641.8
100 _aSynder, Inez
245 _aMilk to ice cream /
_cBy Inez Synder
250 _aFirst Scholastic paperback printing , October 2003
260 _aNew York :
_bScholastic ,
_c2003 .
300 _a24 pages :
_bcolor illustrations ;
_c15 X 17 cm .
490 _aWelcome Books
505 _aH
520 _aA young boy and his father make ice cream at home.
521 8 _a430
_bLexile estimate
521 8 _aH
_bRaz-Plus
650 _aHow things are made
_vNon-fiction
650 _aCooking
_vNon-fiction
700 _aSilate , Jennifer
_eContributing Editor
700 _aLiu , Mindy
_eBook Designer
942 _2ddc
_cBK
_n0
999 _c9814
_d9814